Normal view
MARC view
- جامعة جرش الاهلية- كلية الاداب ، قسم اللغة العربية
Entry Personal Name
001 - CONTROL NUMBER
- control field: 57511
003 - CONTROL NUMBER IDENTIFIER
- control field: JO-AjAnu
005 - DATE AND TIME OF LATEST TRANSACTION
- control field: 20230606083422.0
008 - FIXED-LENGTH DATA ELEMENTS
- fixed length control field: 230606|| aca||aabn | a|a d
040 ## - CATALOGING SOURCE
- Original cataloging agency: JO-AjAnu
- Transcribing agency: JO-AjAnu
100 ## - HEADING--PERSONAL NAME
- Personal name: جامعة جرش الاهلية- كلية الاداب ، قسم اللغة العربية
670 ## - SOURCE DATA FOUND
- Source citation: Work cat.: (JO-AjAnu)29346: جامعة جرش الاهلية- كلية الاداب ، قسم اللغة العربية , author, الحركة الأدبية في الوطن العربي والتحديات المعاصرة من13 2004/4/15م: بحوث المؤتمر النقدي السابع لقسم اللغة العربية في جامعة الاهلية